[Event "BCF-chT2a 1213 (4NCL)"]
[Site "England"]
[Date "2013.02.24"]
[Round "6.43"]
[White "Rutter, Nicholas J"]
[Black "Almond, Richard"]
[Result "1-0"]
[WhiteElo "2193"]
[BlackElo "2123"]
[PlyCount "47"]
[EventDate "2012.11.03"]
[EventType "team-tourn"]
[EventRounds "7"]
[EventCountry "ENG"]
[SourceTitle "EXT 2014"]
[Source "ChessBase"]
[SourceDate "2013.11.20"]
[SourceVersion "1"]
[SourceVersionDate "2013.11.20"]
[SourceQuality "1"]
[WhiteTeam "Wessex"]
[BlackTeam "e2e4.org.uk II"]
[WhiteTeamCountry "ENG"]
[BlackTeamCountry "ENG"]

1. e4 d5 2. exd5 Qxd5 3. Nc3 Qa5 4. d4 c6 5. Nf3 Nf6 6. Ne5 Be6 7. Bc4 Bxc4 8. Nxc4 Qd8 9. Bg5 e6 10. Bxf6 Qxf6 11. 0-0 Bb4 12. Ne4 Qf4 13. Ned6+ Bxd6 14. g3 Qg5 15. Nxd6+ Ke7 16. Nxb7 Nd7 17. Qf3 Rhc8 18. Qa3+ c5 19. Rad1 Rc7 20. dxc5 Nxc5 21. Nd6 Rb8 22. Qa5 Rc6 23. Qxa7+ Nd7 24. Ne4 1-0

[Event "Hastings Masters op 88th"]
[Site "Hastings"]
[Date "2013.01.01"]
[Round "5"]
[White "Flynn, David"]
[Black "Almond, Richard"]
[Result "0-1"]
[WhiteElo "1921"]
[BlackElo "2112"]
[PlyCount "122"]
[EventDate "2012.12.28"]
[EventType "swiss"]
[EventRounds "10"]
[EventCountry "ENG"]
[SourceTitle "CBM 152 Extra"]
[Source "ChessBase"]
[SourceDate "2013.02.25"]
[SourceVersion "1"]
[SourceVersionDate "2013.02.25"]
[SourceQuality "1"]

1. e4 d5 2. exd5 Qxd5 3. Nf3 Bg4 4. Be2 Nc6 5. d4 0-0-0 6. Be3 e5 7. c3 Nf6 8. 0-0 e4 9. Nfd2 Bxe2 10. Qxe2 Bd6 11. Nc4 Rhe8 12. Nxd6+ Qxd6 13. Nd2 Nd5 14. Qg4+ Qe6 15. Qxg7 Rg8 16. Qh6 Rg6 17. Qh5 Nf6 18. Qe2 Qh3 19. f3 Rdg8 20. Rf2 exf3 21. Qxf3 Qxf3 22. Nxf3 Ng4 23. Nh4 Nxf2 24. Bxf2 Rg4 25. Re1 Kd7 26. Bg3 Re8 27. Rf1 Nd8 28. Nf3 Rge4 29. Ne5+ Ke7 30. Kf2 f5 31. Kg1 Rf8 32. Nd3 Ne6 33. d5 Ng5 34. Bxc7 b6 35. Ne5 f4 36. h4 Nf7 37. Nd3 Nd6 38. Ne1 Kd7 39. Bxd6 Kxd6 40. Nf3 Kxd5 41. Rd1+ Kc6 42. Nd4+ Kb7 43. Nb5 Re7 44. Kf2 Ka6 45. Na3 Rg7 46. Rh1 Rd7 47. Re1 Rg8 48. Re2 Rg4 49. h5 Rg5 50. Kf3 Rf7 51. Re4 Rg3+ 52. Kf2 Rfg7 53. Rxf4 Rxg2+ 54. Ke3 Rxb2 55. Ra4+ Kb7 56. Nc4 Rh2 57. Nd6+ Kc6 58. Nf5 Rh3+ 59. Kf2 Rf7 60. Rc4+ Kd5 61. Rf4 Ke5 0-1

[Event "BCF-chT3 1112 (4NCL)"]
[Site "England"]
[Date "2012.05.07"]
[Round "11.57"]
[White "Yeo, Michael J"]
[Black "Almond, Richard"]
[Result "1-0"]
[WhiteElo "2135"]
[BlackElo "2129"]
[PlyCount "55"]
[EventDate "2011.11.12"]
[EventType "team-swiss"]
[EventRounds "11"]
[EventCountry "ENG"]
[SourceTitle "EXT 2013"]
[Source "ChessBase"]
[SourceDate "2012.11.22"]
[SourceVersion "1"]
[SourceVersionDate "2012.11.22"]
[SourceQuality "1"]
[WhiteTeam "Wessex"]
[BlackTeam "e2e4.org.uk II"]
[WhiteTeamCountry "ENG"]
[BlackTeamCountry "ENG"]

1. e4 d5 2. exd5 Qxd5 3. Nc3 Qa5 4. d4 c6 5. Bc4 Bf5 6. Nf3 Nf6 7. Ne5 e6 8. g4 Bg6 9. Bd2 Nbd7 10. Qe2 Nxe5 11. dxe5 Nd7 12. f4 Qc5 13. f5 exf5 14. e6 fxe6 15. Bxe6 0-0-0 16. 0-0-0 fxg4 17. Bf4 Bf5 18. Rhe1 g6 19. Ne4 Qb4 20. Nd6+ Bxd6 21. Bxd6 Qa5 22. Kb1 Rde8 23. Bxf5 Rxe2 24. Bxd7+ Kxd7 25. Bb4+ Ke6 26. Rxe2+ Qe5 27. Rxe5+ Kxe5 28. Bc3+ 1-0

[Event "BCF-chT3 1112 (4NCL)"]
[Site "England"]
[Date "2012.04.01"]
[Round "8.64"]
[White "Almond, Richard"]
[Black "Bucher, Grant"]
[Result "1-0"]
[WhiteElo "2129"]
[BlackElo "2011"]
[PlyCount "79"]
[EventDate "2011.11.12"]
[EventType "team-swiss"]
[EventRounds "11"]
[EventCountry "ENG"]
[SourceTitle "EXT 2013"]
[Source "ChessBase"]
[SourceDate "2012.11.22"]
[SourceVersion "1"]
[SourceVersionDate "2012.11.22"]
[SourceQuality "1"]
[WhiteTeam "e2e4.org.uk II"]
[BlackTeam "Sussex Smart Survivors"]
[WhiteTeamCountry "ENG"]
[BlackTeamCountry "ENG"]

1. d4 Nf6 2. c4 g6 3. Nc3 d5 4. Nf3 Bg7 5. Bf4 0-0 6. e3 c6 7. Qb3 Qa5 8. Nd2 b6 9. Be2 Be6 10. 0-0 Nbd7 11. h3 Rac8 12. Qd1 dxc4 13. Bxc4 Nd5 14. Bxd5 cxd5 15. Qe2 Qb4 16. Rab1 Qa5 17. b4 Qa3 18. Rb3 Rxc3 19. Rxa3 Rxa3 20. Nb1 Ra4 21. a3 Nf6 22. Rc1 Rc8 23. Rxc8+ Bxc8 24. Qc2 Bd7 25. Qc7 Kf8 26. Bg5 Be8 27. Qd8 h6 28. Bxf6 Bxf6 29. Nc3 Rxa3 30. Nxd5 Ra1+ 31. Kh2 Rc1 32. Nc7 Rxc7 33. Qxc7 a5 34. bxa5 bxa5 35. Qxa5 e6 36. Qa8 Be7 37. Qb8 f6 38. e4 Kf7 39. d5 exd5 40. exd5 1-0

[Event "BCF-chT3 1112 (4NCL)"]
[Site "England"]
[Date "2012.03.31"]
[Round "7.74"]
[White "Whitfield, Craig M"]
[Black "Almond, Richard"]
[Result "1/2-1/2"]
[WhiteElo "2004"]
[BlackElo "2129"]
[PlyCount "43"]
[EventDate "2011.11.12"]
[EventType "team-swiss"]
[EventRounds "11"]
[EventCountry "ENG"]
[SourceTitle "EXT 2013"]
[Source "ChessBase"]
[SourceDate "2012.11.22"]
[SourceVersion "1"]
[SourceVersionDate "2012.11.22"]
[SourceQuality "1"]
[WhiteTeam "Cheddleton II"]
[BlackTeam "e2e4.org.uk II"]
[WhiteTeamCountry "ENG"]
[BlackTeamCountry "ENG"]

1. e4 d5 2. exd5 Qxd5 3. Nc3 Qa5 4. d4 c6 5. Bc4 Bf5 6. Nf3 Nf6 7. 0-0 e6 8. Re1 Nbd7 9. Bf4 Bb4 10. Bd3 0-0 11. Be5 Bg4 12. h3 Bh5 13. Bxf6 Nxf6 14. Re5 Bxf3 15. Qxf3 Qd8 16. Rae1 Bd6 17. R5e2 Nd5 18. Qe4 g6 19. Nxd5 cxd5 20. Qg4 Qf6 21. Re3 Qf4 22. Qxf4 1/2-1/2

[Event "BCF-chTa 1112 (4NCL)"]
[Site "England"]
[Date "2012.02.12"]
[Round "6.27"]
[White "Almond, Richard"]
[Black "Suarez Real, Alberto"]
[Result "0-1"]
[WhiteElo "2115"]
[BlackElo "2395"]
[PlyCount "48"]
[EventDate "2011.11.12"]
[EventType "team-tourn"]
[EventRounds "7"]
[EventCountry "ENG"]
[SourceTitle "EXT 2013"]
[Source "ChessBase"]
[SourceDate "2012.11.22"]
[SourceVersion "1"]
[SourceVersionDate "2012.11.22"]
[SourceQuality "1"]
[WhiteTeam "e2e4.org.uk"]
[BlackTeam "Guildford"]
[WhiteTeamCountry "ENG"]
[BlackTeamCountry "ENG"]

1. d4 Nf6 2. c4 g6 3. Nc3 Bg7 4. e4 d6 5. Nf3 0-0 6. Be2 e5 7. 0-0 Nc6 8. d5 Ne7 9. Ne1 Nd7 10. f3 f5 11. g4 Kh8 12. h4 Nf6 13. Nd3 c6 14. Be3 b5 15. b3 Qa5 16. b4 Qd8 17. Nf2 bxc4 18. Bxc4 cxd5 19. Nxd5 Nexd5 20. exd5 Nxg4 21. fxg4 Qxh4 22. Qf3 fxg4 23. Qg2 Rf3 24. Ne4 Rxe3 0-1

[Event "Hastings Masters op 87th"]
[Site "Hastings"]
[Date "2011.12.30"]
[Round "3"]
[White "Almond, Richard"]
[Black "Demuth, Adrien"]
[Result "1/2-1/2"]
[WhiteElo "2115"]
[BlackElo "2442"]
[PlyCount "88"]
[EventDate "2011.12.28"]
[EventType "swiss"]
[EventRounds "9"]
[EventCountry "ENG"]
[SourceTitle "CBM 146 Extra"]
[Source "ChessBase"]
[SourceDate "2012.02.29"]
[SourceVersion "1"]
[SourceVersionDate "2012.02.29"]
[SourceQuality "1"]

1. d4 Nf6 2. c4 g6 3. Nf3 Bg7 4. Nc3 0-0 5. e4 d6 6. Be2 e5 7. 0-0 Na6 8. Re1 c6 9. Bf1 exd4 10. Nxd4 Qb6 11. Nb3 Ng4 12. Re2 Be6 13. Rd2 Rad8 14. Nd4 Bc8 15. h3 Ne5 16. b3 Nc5 17. Bb2 Rfe8 18. Qc2 Na6 19. Na4 Qc7 20. Re1 Nc5 21. b4 Nxa4 22. Qxa4 Qe7 23. Qb3 c5 24. Nb5 a6 25. Na3 cxb4 26. Nc2 a5 27. Nd4 Nd7 28. Nb5 Nc5 29. Qc2 Be5 30. Rdd1 b6 31. Bc1 Bb7 32. Bd3 Bc6 33. f4 Bg7 34. Be3 Qb7 35. Bxc5 dxc5 36. e5 Bf8 37. Qe2 Bh6 38. Qf1 Bxb5 39. cxb5 Rd4 40. f5 Red8 41. e6 fxe6 42. fxg6 hxg6 43. Rxe6 Qf7 44. Rf6 Qg7 1/2-1/2

[Event "EU-Cup 27th"]
[Site "Rogaska Slatina"]
[Date "2011.10.01"]
[Round "7"]
[White "Almond, Richard"]
[Black "Smit, Erik"]
[Result "0-1"]
[WhiteElo "2122"]
[BlackElo "2285"]
[PlyCount "66"]
[EventDate "2011.09.25"]
[EventType "team-swiss"]
[EventRounds "7"]
[EventCountry "SLO"]
[SourceTitle "CBM 145"]
[Source "ChessBase"]
[SourceDate "2011.11.11"]
[SourceVersion "1"]
[SourceVersionDate "2011.11.11"]
[SourceQuality "1"]
[WhiteTeam "e2e4.org.uk"]
[BlackTeam "Homburg Apeldoorn"]
[WhiteTeamCountry "ENG"]
[BlackTeamCountry "NED"]

1. d4 d5 2. c4 c6 3. Nf3 Nf6 4. Nc3 g6 5. Bf4 dxc4 6. e4 b5 7. a3 Bg7 8. Qd2 a6 9. Be2 Bb7 10. e5 Nd5 11. Bh6 Bxh6 12. Qxh6 Nxc3 13. Qg7 Kd7 14. bxc3 Qf8 15. e6+ fxe6 16. Qe5 Qf6 17. Qc5 Kc7 18. Ne5 Rd8 19. Bf3 a5 20. a4 Na6 21. Qa3 b4 22. Qa2 bxc3 23. Qxc4 Nb4 24. 0-0 c2 25. Rfe1 Rd6 26. Ra3 Qf4 27. Rc3 Qxd4 28. Qb3 Qd2 29. Rf1 Ba6 30. Nc4 Bxc4 31. Qxc4 Rd3 32. Rxd3 Qxd3 33. Qxe6 Qxf1+ 0-1

[Event "EU-Cup 27th"]
[Site "Rogaska Slatina"]
[Date "2011.09.30"]
[Round "6"]
[White "Almond, Richard"]
[Black "MacQueen, Calum"]
[Result "0-1"]
[WhiteElo "2122"]
[BlackElo "2158"]
[PlyCount "88"]
[EventDate "2011.09.25"]
[EventType "team-swiss"]
[EventRounds "7"]
[EventCountry "SLO"]
[SourceTitle "CBM 145"]
[Source "ChessBase"]
[SourceDate "2011.11.11"]
[SourceVersion "1"]
[SourceVersionDate "2011.11.11"]
[SourceQuality "1"]
[WhiteTeam "e2e4.org.uk"]
[BlackTeam "Edinburgh"]
[WhiteTeamCountry "ENG"]
[BlackTeamCountry "SCO"]

1. d4 Nf6 2. c4 g6 3. Nc3 Bg7 4. e4 d6 5. Nf3 0-0 6. Be2 e5 7. 0-0 Na6 8. Re1 c6 9. Be3 Ng4 10. Bg5 f6 11. Bc1 Qe7 12. h3 Nh6 13. Bf1 Nf7 14. d5 c5 15. a3 Bh6 16. Rb1 Bxc1 17. Qxc1 f5 18. exf5 gxf5 19. b4 Qf6 20. Rb3 Bd7 21. Qe3 Rae8 22. Nd2 Kh8 23. Qf3 Qh6 24. Qe3 Qg6 25. Kh2 Rg8 26. Nd1 f4 27. Qe2 Bf5 28. g4 e4 29. Nc3 e3 30. Nf3 Bd7 31. fxe3 Rxe3 32. Qf2 Rge8 33. b5 Nc7 34. Bg2 Qd3 35. Rxe3 Rxe3 36. Qb2 Kg8 37. Ng1 Ne5 38. b6 axb6 39. Be4 Rxe4 40. Nxe4 Qxe4 41. Rxb6 Nxc4 42. Qf6 Nxb6 43. Qd8+ Ne8 44. Qxb6 Qxd5 0-1

[Event "EU-Cup 27th"]
[Site "Rogaska Slatina"]
[Date "2011.09.26"]
[Round "2"]
[White "Almond, Richard"]
[Black "Zymberi, Astrit"]
[Result "1-0"]
[WhiteElo "2122"]
[BlackElo "2154"]
[PlyCount "75"]
[EventDate "2011.09.25"]
[EventType "team-swiss"]
[EventRounds "7"]
[EventCountry "SLO"]
[SourceTitle "CBM 145"]
[Source "ChessBase"]
[SourceDate "2011.11.11"]
[SourceVersion "1"]
[SourceVersionDate "2011.11.11"]
[SourceQuality "1"]
[WhiteTeam "e2e4.org.uk"]
[BlackTeam "Expik"]
[WhiteTeamCountry "ENG"]
[BlackTeamCountry "KOS"]

1. d4 Nf6 2. c4 g6 3. Nc3 d5 4. Nf3 Bg7 5. Bf4 0-0 6. e3 c5 7. dxc5 Qa5 8. Rc1 dxc4 9. Bxc4 Qxc5 10. Bb3 Nc6 11. 0-0 Qa5 12. h3 Bf5 13. Qe2 Ne4 14. Nd5 e5 15. Bh2 Nc5 16. Bc4 Ne4 17. Rfd1 Be6 18. Qc2 Nd6 19. Bb3 Rad8 20. e4 Nb5 21. Qc5 Rc8 22. Qe3 Kh8 23. Bg3 Nbd4 24. Nxd4 exd4 25. Qg5 f6 26. Qf4 f5 27. Qd6 Bg8 28. Rc5 Qd8 29. e5 g5 30. f4 gxf4 31. Bxf4 Qh4 32. g3 Qh5 33. Qd7 Rfd8 34. Qxb7 Qf3 35. Rf1 Qe4 36. Nf6 Bxf6 37. exf6 Bxb3 38. Qg7# 1-0

[Event "Paington op"]
[Site "Paignton"]
[Date "2011.09.10"]
[Round "7"]
[White "Almond, Richard"]
[Black "Gregory, Keith D"]
[Result "1/2-1/2"]
[WhiteElo "2122"]
[BlackElo "2059"]
[PlyCount "84"]
[EventDate "2011.09.04"]
[EventType "swiss"]
[EventRounds "7"]
[EventCountry "ENG"]
[SourceTitle "CBM 144 Extra"]
[Source "ChessBase"]
[SourceDate "2011.10.28"]
[SourceVersion "1"]
[SourceVersionDate "2011.10.28"]
[SourceQuality "1"]

1. d4 d6 2. Nf3 Nf6 3. c4 Nbd7 4. Nc3 e5 5. e4 Be7 6. Be2 0-0 7. 0-0 c6 8. h3 Qc7 9. Be3 b6 10. Qd2 Re8 11. Rfe1 Bb7 12. Bd3 a6 13. Rac1 Rad8 14. Bb1 Qb8 15. d5 cxd5 16. cxd5 Rc8 17. b4 b5 18. a4 bxa4 19. Nxa4 Rxc1 20. Rxc1 Rc8 21. Rxc8+ Qxc8 22. Qc2 Ne8 23. Qxc8 Bxc8 24. Nd2 Nc7 25. Nc4 Nb5 26. Na5 Kf8 27. Nc6 Ke8 28. Bd3 Nc7 29. Kf1 Bb7 30. Na5 Bc8 31. Ke2 Bd8 32. Kd2 Na8 33. Nc6 Bc7 34. Kc3 Nab6 35. Nb2 Bb7 36. Na5 Bc8 37. Kb3 Na8 38. Nbc4 Nab6 39. Nc6 Bb7 40. N4a5 Bc8 41. Ka3 Na8 42. Nc4 Nab6 1/2-1/2

[Event "Paington op"]
[Site "Paignton"]
[Date "2011.09.08"]
[Round "5"]
[White "Almond, Richard"]
[Black "Brown, Alan M"]
[Result "0-1"]
[WhiteElo "2122"]
[BlackElo "2130"]
[PlyCount "68"]
[EventDate "2011.09.04"]
[EventType "swiss"]
[EventRounds "7"]
[EventCountry "ENG"]
[SourceTitle "CBM 144 Extra"]
[Source "ChessBase"]
[SourceDate "2011.10.28"]
[SourceVersion "1"]
[SourceVersionDate "2011.10.28"]
[SourceQuality "1"]

1. d4 Nf6 2. c4 e6 3. Nc3 Bb4 4. Qc2 c5 5. dxc5 Na6 6. a3 Bxc3+ 7. Qxc3 Nxc5 8. f3 a5 9. e4 d6 10. Be3 Qc7 11. Ne2 0-0 12. Nd4 Bd7 13. Be2 Rac8 14. Rc1 e5 15. Nb5 Bxb5 16. cxb5 Qd7 17. Bc4 d5 18. exd5 e4 19. 0-0 Nd3 20. Rc2 Nxd5 21. Qd4 Nxb2 22. Rxb2 Rxc4 23. Qxc4 Nxe3 24. Qxe4 Nxf1 25. Kxf1 Re8 26. Qc2 Qd6 27. a4 Qxh2 28. Rb1 h6 29. Rd1 g6 30. Qf2 Qh1+ 31. Qg1 Qh4 32. Qb6 Qxa4 33. Rd8 Qa1+ 34. Kf2 Qe1# 0-1

[Event "Paington op"]
[Site "Paignton"]
[Date "2011.09.07"]
[Round "4"]
[White "Henriksson, Johan"]
[Black "Almond, Richard"]
[Result "1/2-1/2"]
[WhiteElo "2289"]
[BlackElo "2122"]
[PlyCount "32"]
[EventDate "2011.09.04"]
[EventType "swiss"]
[EventRounds "7"]
[EventCountry "ENG"]
[SourceTitle "CBM 144 Extra"]
[Source "ChessBase"]
[SourceDate "2011.10.28"]
[SourceVersion "1"]
[SourceVersionDate "2011.10.28"]
[SourceQuality "1"]

1. d4 d5 2. Nf3 Nf6 3. g3 Bf5 4. Bg2 e6 5. 0-0 Be7 6. b3 0-0 7. Nh4 Bg6 8. Nxg6 hxg6 9. c4 c6 10. Nc3 Nbd7 11. Bb2 Qa5 12. Qd3 Rfd8 13. e3 Qa6 14. Rfd1 dxc4 15. Qxc4 Qxc4 16. bxc4 Nb6 1/2-1/2

[Event "GBR-ch 98th"]
[Site "Sheffield"]
[Date "2011.07.29"]
[Round "5"]
[White "Almond, Richard"]
[Black "Ledger, Dave J"]
[Result "1-0"]
[WhiteElo "2121"]
[BlackElo "2277"]
[PlyCount "85"]
[EventDate "2011.07.24"]
[EventType "swiss"]
[EventRounds "11"]
[EventCountry "ENG"]
[SourceTitle "CBM 143 Extra"]
[Source "ChessBase"]
[SourceDate "2011.08.29"]
[SourceVersion "1"]
[SourceVersionDate "2011.08.29"]
[SourceQuality "1"]

1. d4 Nf6 2. c4 g6 3. Nc3 Bg7 4. e4 d6 5. Nf3 0-0 6. Be2 e5 7. 0-0 Nc6 8. d5 Ne7 9. Ne1 Nd7 10. f3 f5 11. g4 Nf6 12. Nd3 Kh8 13. h3 Rf7 14. Kg2 Bd7 15. c5 Qf8 16. Bd2 Ne8 17. Rc1 Ng8 18. b4 Qe7 19. Qe1 Bf6 20. Bd1 Bh4 21. Qe2 Ng7 22. Ba4 Bxa4 23. Nxa4 Raf8 24. Nab2 h5 25. Nc4 Kh7 26. Na5 Nh6 27. Nxb7 f4 28. Be1 hxg4 29. hxg4 Bg5 30. Nf2 Ne8 31. Rc3 Rh8 32. Rh1 Kg7 33. Nh3 Bf6 34. Kf1 Ng8 35. Qg2 Bh4 36. Rc1 Kf8 37. Ke2 Rfh7 38. Bxh4 Rxh4 39. Nf2 Ngf6 40. Rxh4 Rxh4 41. Rh1 Rxh1 42. Qxh1 Kg7 43. Qc1 1-0

[Event "BCF-chT1b 1011 (4NCL)"]
[Site "England"]
[Date "2011.02.20"]
[Round "6.18"]
[White "Varnam, Liam"]
[Black "Almond, Richard"]
[Result "0-1"]
[WhiteElo "2112"]
[BlackElo "2145"]
[PlyCount "42"]
[EventDate "2010.11.06"]
[EventType "team-tourn"]
[EventRounds "7"]
[EventCountry "ENG"]
[SourceTitle "EXT 2012"]
[Source "ChessBase"]
[SourceDate "2011.11.24"]
[SourceVersion "1"]
[SourceVersionDate "2011.11.24"]
[SourceQuality "1"]
[WhiteTeam "Sambuca Sharks"]
[BlackTeam "e2e4.org.uk"]
[WhiteTeamCountry "ENG"]
[BlackTeamCountry "ENG"]

1. e4 d5 2. exd5 Qxd5 3. c4 Qa5 4. b3 Qe5+ 5. Ne2 Qxa1 6. Nec3 Nc6 7. Na3 Bf5 8. Nab5 0-0-0 9. g4 Bg6 10. Bg2 Bd3 11. Bxc6 bxc6 12. Nxa7+ Kb7 13. Nxc6 Kxc6 14. f4 e5 15. fxe5 Kb6 16. Kf2 Bc5+ 17. Kg3 Bd4 18. b4 Bxe5+ 19. Kh3 Bxc4 20. Na4+ Ka7 21. Nc5 Qxa2 0-1

[Event "BCF-chT1b 1011 (4NCL)"]
[Site "England"]
[Date "2011.02.19"]
[Round "5.17"]
[White "Almond, Richard"]
[Black "Anderton, Matthew"]
[Result "1/2-1/2"]
[WhiteElo "2145"]
[BlackElo "2227"]
[PlyCount "101"]
[EventDate "2010.11.06"]
[EventType "team-tourn"]
[EventRounds "7"]
[EventCountry "ENG"]
[SourceTitle "EXT 2012"]
[Source "ChessBase"]
[SourceDate "2011.11.24"]
[SourceVersion "1"]
[SourceVersionDate "2011.11.24"]
[SourceQuality "1"]
[WhiteTeam "e2e4.org.uk"]
[BlackTeam "Guildford"]
[WhiteTeamCountry "ENG"]
[BlackTeamCountry "ENG"]

1. d4 Nf6 2. c4 e6 3. Nc3 Bb4 4. Qc2 c5 5. dxc5 Na6 6. a3 Bxc3+ 7. Qxc3 Nxc5 8. f3 d5 9. cxd5 b6 10. b4 Na4 11. Qb3 b5 12. e4 a6 13. Bd3 exd5 14. e5 Qe7 15. f4 Ne4 16. Be3 Be6 17. f5 Bxf5 18. Nf3 Be6 19. Bd4 Rc8 20. 0-0 0-0 21. Rac1 h6 22. Qb1 Qb7 23. Rfe1 Nb6 24. Qa1 Nc4 25. a4 Rc7 26. Rc2 Rfc8 27. Ra2 a5 28. axb5 axb4 29. b6 Nxb6 30. Ba6 Qb8 31. Bxc8 Rxc8 32. Ra7 Nc4 33. Qa6 Na3 34. Rb7 Qa8 35. Qxa8 Rxa8 36. Ra1 Rc8 37. Bb2 Rc2 38. Rxb4 Nc4 39. Bd4 g5 40. Rd1 g4 41. Ne1 Re2 42. Nd3 Ned2 43. Re1 Rxe1+ 44. Nxe1 Bf5 45. Kf2 Kh7 46. Ke2 Be4 47. Rb8 h5 48. Bc3 Nb1 49. Bd4 Nbd2 50. Bc3 Nb1 51. Bd4 1/2-1/2

[Event "Hastings Masters op 86th"]
[Site "Hastings"]
[Date "2010.12.29"]
[Round "2"]
[White "Almond, Richard"]
[Black "Bremner, Adam"]
[Result "0-1"]
[WhiteElo "2145"]
[BlackElo "1912"]
[PlyCount "166"]
[EventDate "2010.12.28"]
[EventType "swiss"]
[EventRounds "9"]
[EventCountry "ENG"]
[SourceTitle "CBM 140 Extra"]
[Source "ChessBase"]
[SourceDate "2011.03.01"]
[SourceVersion "1"]
[SourceVersionDate "2011.03.01"]
[SourceQuality "1"]

1. d4 Nf6 2. c4 e6 3. Nc3 Bb4 4. Qc2 c5 5. dxc5 0-0 6. a3 Bxc5 7. Nf3 Nc6 8. Bg5 Nd4 9. Nxd4 Bxd4 10. e3 Qa5 11. exd4 Qxg5 12. Qd2 Qxd2+ 13. Kxd2 d5 14. c5 Bd7 15. Bd3 Rab8 16. b4 b6 17. Rab1 e5 18. dxe5 Ng4 19. f4 Nf2 20. Nxd5 Nxh1 21. c6 Nf2 22. cxd7 Nxd3 23. Ne7+ Kh8 24. Kxd3 Rfd8 25. Ke4 Rxd7 26. Nc6 Rc8 27. b5 a6 28. a4 axb5 29. axb5 Ra8 30. Rb2 g6 31. g4 Ra4+ 32. Ke3 Rd1 33. Nb4 Kg7 34. f5 Re1+ 35. Kd4 Rd1+ 36. Ke4 g5 37. h3 Ra3 38. Nd5 Ra4+ 39. Nb4 Rc1 40. Ke3 Rc3+ 41. Nd3 Raa3 42. Rd2 Rcb3 43. Kd4 Rxb5 44. Re2 Rbb3 45. Nf2 h6 46. e6 fxe6 47. fxe6 Kf8 48. e7+ Ke8 49. Ne4 Kxe7 50. Nd2+ Kf6 51. Nxb3 Rxb3 52. Kd5 Rd3+ 53. Ke4 Rd8 54. Rc2 Ke6 55. Rc7 Kd6 56. Rh7 Re8+ 57. Kd4 Re6 58. Rh8 Kc6 59. Rc8+ Kb5 60. Rh8 Kb4 61. Kd5 Rg6 62. Rf8 b5 63. Rf3 Ka4 64. Kc5 Rg8 65. Rf6 Rc8+ 66. Kd4 b4 67. Rxh6 b3 68. Rb6 Ka3 69. Ke4 Rc5 70. Kd4 Rc8 71. Rb5 b2 72. Kd3 Rc1 73. Ke4 Rc4+ 74. Kf5 Rb4 75. Rxb4 Kxb4 76. Kxg5 b1Q 77. h4 Kc5 78. h5 Kd6 79. Kh6 Ke7 80. Kg7 Qf1 81. g5 Qf7+ 82. Kh6 Kf8 83. g6 Qf6 0-1

[Event "4NCL-ch rapid"]
[Site "Newport Pagnell"]
[Date "2010.10.10"]
[Round "1"]
[White "Slavin, Alexei"]
[Black "Almond, Richard"]
[Result "1-0"]
[WhiteElo "2426"]
[BlackElo "2130"]
[PlyCount "87"]
[EventDate "2010.10.10"]
[EventType "swiss (rapid)"]
[EventRounds "9"]
[EventCountry "ENG"]
[SourceTitle "CBM 138 Extra"]
[Source "ChessBase"]
[SourceDate "2010.10.29"]
[SourceVersion "1"]
[SourceVersionDate "2010.10.29"]
[SourceQuality "1"]

1. d4 d5 2. Nf3 Nf6 3. c4 e6 4. g3 Be7 5. Bg2 0-0 6. 0-0 Nbd7 7. Qc2 c6 8. Rd1 b6 9. Bf4 Bb7 10. Nc3 Rc8 11. Ne5 Nh5 12. Bc1 f5 13. Qa4 a6 14. Nxd7 Qxd7 15. cxd5 exd5 16. Nxd5 b5 17. Nxe7+ Qxe7 18. Qb3+ Kh8 19. Bf3 Nf6 20. Bg5 c5 21. Bxb7 Qxb7 22. Bxf6 Rxf6 23. dxc5 Qe7 24. Rac1 Rxc5 25. Rxc5 Qxc5 26. Rd8+ Rf8 27. Qe3 Qb4 28. Qe8 Kg8 29. Qxf8+ Qxf8 30. Rxf8+ Kxf8 31. Kg2 Ke7 32. Kf3 Ke6 33. e4 Ke5 34. exf5 Kxf5 35. h3 h6 36. Ke3 Ke5 37. f4+ Kd5 38. Kd3 h5 39. g4 hxg4 40. hxg4 g6 41. b4 Kc6 42. Ke4 Kd6 43. f5 gxf5+ 44. gxf5 1-0

[Event "4NCL-chT rapid"]
[Site "Newport Pagnell"]
[Date "2010.10.09"]
[Round "9"]
[White "Cox, John J"]
[Black "Almond, Richard"]
[Result "1-0"]
[WhiteElo "2398"]
[BlackElo "2130"]
[PlyCount "83"]
[EventDate "2010.10.09"]
[EventType "team (rapid)"]
[EventRounds "9"]
[EventCountry "ENG"]
[SourceTitle "CBM 138 Extra"]
[Source "ChessBase"]
[SourceDate "2010.10.29"]
[SourceVersion "1"]
[SourceVersionDate "2010.10.29"]
[SourceQuality "1"]

1. c4 c6 2. Nf3 d5 3. g3 Nf6 4. Bg2 Bf5 5. cxd5 cxd5 6. Qb3 Qc8 7. Nc3 e6 8. d3 Nc6 9. Bf4 Be7 10. Rc1 Qd7 11. 0-0 0-0 12. Nb5 Rac8 13. Nbd4 Nxd4 14. Nxd4 Bg6 15. Qb5 Qxb5 16. Nxb5 a6 17. Bd6 axb5 18. Bxe7 Rfe8 19. Bxf6 gxf6 20. b4 Ra8 21. Rc2 Ra4 22. Rb1 Rea8 23. Rbb2 Kg7 24. f4 h5 25. h4 Bf5 26. Kf2 Ra3 27. Bf3 Kh6 28. Ke3 Rg8 29. Kf2 Rga8 30. Ke3 b6 31. Rc6 Rxa2 32. Rxa2 Rxa2 33. Rxb6 Rb2 34. Rxb5 Rb1 35. Rb7 Bg6 36. b5 Rb4 37. b6 d4+ 38. Kd2 e5 39. Rb8 exf4 40. gxf4 Bf5 41. b7 Bg4 42. Rh8+ 1-0

[Event "Paignton Bruce Premier"]
[Site "Paignton"]
[Date "2010.09.06"]
[Round "2"]
[White "Almond, Richard"]
[Black "Burke, Steven J"]
[Result "1/2-1/2"]
[WhiteElo "1983"]
[BlackElo "2040"]
[PlyCount "40"]
[EventDate "2010.09.05"]
[EventType "swiss"]
[EventRounds "7"]
[EventCountry "ENG"]
[SourceTitle "EXT 2023"]
[Source "ChessBase"]
[SourceDate "2022.10.05"]
[SourceVersion "1"]
[SourceVersionDate "2022.10.05"]
[SourceQuality "1"]

1. d4 f5 2. g3 Nf6 3. Bg2 e6 4. Nf3 Be7 5. 0-0 0-0 6. c4 d6 7. Nc3 Ne4 8. Nxe4 fxe4 9. Ne1 d5 10. f3 dxc4 11. fxe4 Rxf1+ 12. Kxf1 c5 13. d5 exd5 14. exd5 Nc6 15. Bf4 Nd4 16. e3 g5 17. Be5 Nf5 18. Qd2 Nd6 19. e4 b5 20. Bxd6 Bxd6 1/2-1/2

[Event "GBR-ch 97th"]
[Site "Canterbury"]
[Date "2010.08.06"]
[Round "11"]
[White "Maciol, Ryszard"]
[Black "Almond, Richard"]
[Result "1/2-1/2"]
[WhiteElo "2239"]
[BlackElo "2148"]
[PlyCount "49"]
[EventDate "2010.07.26"]
[EventType "swiss"]
[EventRounds "11"]
[EventCountry "ENG"]
[SourceTitle "CBM 137 Extra"]
[Source "ChessBase"]
[SourceDate "2010.09.01"]
[SourceVersion "1"]
[SourceVersionDate "2010.09.01"]
[SourceQuality "1"]

1. d4 d5 2. c4 e6 3. Nc3 Nf6 4. Bg5 Be7 5. cxd5 exd5 6. e3 0-0 7. Bd3 Re8 8. Bxf6 Bxf6 9. Qh5 g6 10. Qxd5 Bxd4 11. Qxd8 Bxc3+ 12. bxc3 Rxd8 13. Ke2 Bg4+ 14. Nf3 Nd7 15. Rad1 Nc5 16. Bc4 Kf8 17. Rd4 h5 18. h3 Bxf3+ 19. Kxf3 Ne6 20. Rxd8+ Rxd8 21. Ke2 Nc5 22. Rb1 a5 23. g4 hxg4 24. hxg4 b6 25. Rh1 1/2-1/2